| 000 | 01140nam a2200253 a 4500 | ||
|---|---|---|---|
| 001 | 000024680 | ||
| 005 | 20200930023315.0 | ||
| 008 | 110202s1972 ag r 000 0 spa d | ||
| 040 |
_aDO-SdBNP _bspa _cBNPHU |
||
| 082 |
_ann* _bnn* |
||
| 100 | 1 |
_aKaye, Barrington. _950604 |
|
| 240 | 1 | 0 |
_aGroup work in secondary schools. _lEspañol |
| 245 | 1 | 0 |
_aTrabajo de grupo en las escuelas secundarias : _by la capacitación de las profesores en sus métodos / _cBarrington Kaye y Irving Rogers ; traducción de Delia Nilda Arrizabalaga. |
| 260 |
_aBuenos Aires : _bCentro Regional de Ayuda Técnica. Agencia para el Desarrollo Internacional ; _bEl Ateneo, _c1972. |
||
| 300 |
_a172 p. ; _c19 cm. |
||
| 490 | 1 | _aBibliotecas Nuevas Orientaciones de la Educación | |
| 534 |
_a[Título original] : _tGroup work in secondary schools |
||
| 500 | _aIncluye referencias bibliográficas y nostas al pie de las páginas. | ||
| 500 | _aIncluye índice alfabético. | ||
| 504 | _a[Bibliografía] : [147]-150 p. | ||
| 700 | 1 |
_aArrizabalaga, Delia Nilda, _etr. _950605 |
|
| 830 | 0 |
_aBibliotecas Nuevas Orientaciones de la Educación _950606 |
|
| 049 | _aBNGR | ||
| 999 |
_c24173 _d24173 |
||